Robert's rules of order. (Record no. 907)

000 -LEADER
fixed length control field 00570nam a2200181 a 4500
001 - CONTROL NUMBER
control field :::00014086$&:&@@
003 - CONTROL NUMBER IDENTIFIER
control field OkBaRHE
005 - DATE AND TIME OF LATEST TRANSACTION
control field 20100325134633.0
008 - FIXED-LENGTH DATA ELEMENTS--GENERAL INFORMATION
fixed length control field s1979 j 000 0 eng u
040 ## - CATALOGING SOURCE
Transcribing agency
100 1# - MAIN ENTRY--PERSONAL NAME
Personal name Robert, Henry M. (Henry Martyn), 1837-1923.
245 10 - TITLE STATEMENT
Title Robert's rules of order.
260 ## - PUBLICATION, DISTRIBUTION, ETC. (IMPRINT)
Place of publication, distribution, etc New York, NY., :
Name of publisher, distributor, etc Morrow Quill Paperbacks
Date of publication, distribution, etc 1979
300 ## - PHYSICAL DESCRIPTION
Extent 323 p. ;
Dimensions 21 cm.
650 ## - SUBJECT ADDED ENTRY--TOPICAL TERM
Topical term or geographic name as entry element Parlimentary Practice
942 ## - ADDED ENTRY ELEMENTS (KOHA)
Source of classification or shelving scheme
Koha item type Books
Copies
Lost status Collection code Date last seen Shelving location Damaged status Koha item type Source of classification or shelving scheme Full call number Not for loan Withdrawn status Date acquired Barcode Price effective from Copy number Permanent Location
 Reference2010-04-14General Stacks Books JF 515 .R65  2010-04-14140862010-04-141RHEMA Bible Training College